[Event "MP do 16 lat - chlopcy"]
[Site "Sypniewo"]
[Date "2022.03.24"]
[Round "6.22"]
[White "Rzenca, Jerzy"]
[Black "Pisarek, Jan"]
[Result "1/2-1/2"]
[BlackElo "1703"]
[WhiteElo "1586"]
[LiveChessVersion "1.4.8"]

1. c4 {[%clk 1:30:58]} b6 {[%clk 1:30:51]} 2. e4 {[%clk 1:29:34]} Bb7
{[%clk 1:31:10]} 3. Nc3 {[%clk 1:29:23]} e6 {[%clk 1:30:55]} 4. g3
{[%clk 1:29:24]} Bb4 {[%clk 1:29:00]} 5. Bg2 {[%clk 1:24:01]} f5 {[%clk 1:23:38]}
6. Nge2 {[%clk 1:17:32]} Nf6 {[%clk 1:20:12]} 7. Qc2 {[%clk 1:17:04]} O-O
{[%clk 1:09:05]} 8. O-O {[%clk 1:14:54]} Bxc3 {[%clk 1:06:28]} 9. Nxc3
{[%clk 1:14:39]} fxe4 {[%clk 1:06:49]} 10. Nxe4 {[%clk 1:14:17]} Nxe4
{[%clk 0:55:33]} 11. Bxe4 {[%clk 1:14:33]} Bxe4 {[%clk 0:54:24]} 12. Qxe4
{[%clk 1:14:53]} Nc6 {[%clk 0:53:09]} 13. b3 {[%clk 1:14:53]} Qf6
{[%clk 0:50:56]} 14. Ba3 {[%clk 1:11:56]} Rfe8 {[%clk 0:40:33]} 15. Rab1
{[%clk 0:45:16]} Qd4 {[%clk 0:36:21]} 16. Rfe1 {[%clk 0:32:51]} e5
{[%clk 0:25:55]} 17. Bb2 {[%clk 0:32:17]} Qxe4 {[%clk 0:25:24]} 18. Rxe4
{[%clk 0:32:41]} d6 {[%clk 0:20:05]} 19. Rbe1 {[%clk 0:31:57]} Rf8
{[%clk 0:15:42]} 20. Kg2 {[%clk 0:28:35]} Nb4 {[%clk 0:14:42]} 21. R1e3
{[%clk 0:19:36]} Nxa2 {[%clk 0:14:12]} 22. d4 {[%clk 0:19:54]} exd4
{[%clk 0:12:43]} 23. Bxd4 {[%clk 0:20:05]} h6 {[%clk 0:10:09]} 24. Rg4
{[%clk 0:08:07]} Rf7 {[%clk 0:10:33]} 25. Re6 {[%clk 0:08:34]} Kh7
{[%clk 0:09:51]} 26. f4 {[%clk 0:08:09]} Nb4 {[%clk 0:08:40]} 27. f5
{[%clk 0:07:33]} Nc6 {[%clk 0:08:36]} 28. Bc3 {[%clk 0:04:28]} Raf8
{[%clk 0:07:57]} 29. Reg6 {[%clk 0:03:15]} Ne5 {[%clk 0:06:48]} 30. Bxe5
{[%clk 0:03:39]} dxe5 {[%clk 0:07:14]} 31. Rc6 {[%clk 0:01:46]} Re7
{[%clk 0:07:20]} 32. Rgg6 {[%clk 0:00:38]} Rxf5 {[%clk 0:07:45]} 33. Rge6
{[%clk 0:00:51]} Rff7 {[%clk 0:07:32]} 34. Rxe7 {[%clk 0:00:43]} Rxe7
{[%clk 0:07:57]} 35. Kf3 {[%clk 0:01:10]} e4+ {[%clk 0:05:52]} 36. Ke3
{[%clk 0:01:13]} Kg8 {[%clk 0:05:05]} 37. c5 {[%clk 0:01:24]} Kf7
{[%clk 0:04:45]} 38. b4 {[%clk 0:00:49]} Ke8 {[%clk 0:04:40]} 39. b5
{[%clk 0:00:48]} Kd7 {[%clk 0:04:48]} 40. cxb6 {[%clk 0:30:51]} axb6
{[%clk 0:35:02]} 41. Rg6 {[%clk 0:28:15]} Kc8 {[%clk 0:28:52]} 42. g4
{[%clk 0:26:55]} h5 {[%clk 0:13:48]} 43. h3 {[%clk 0:20:34]} Kb7 {[%clk 0:10:34]}
44. gxh5 {[%clk 0:07:19]} Re5 {[%clk 0:10:46]} 45. h6 {[%clk 0:07:20]} gxh6
{[%clk 0:11:04]} 46. Rxh6 {[%clk 0:07:48]} Rxb5 {[%clk 0:11:01]} 47. Kxe4
{[%clk 0:08:09]} Rc5 {[%clk 0:09:59]} 48. Kd4 {[%clk 0:04:12]} Rc1
{[%clk 0:09:22]} 49. h4 {[%clk 0:04:00]} Ka6 {[%clk 0:08:59]} 50. h5
{[%clk 0:04:16]} c5+ {[%clk 0:08:40]} 51. Kd3 {[%clk 0:04:45]} Kb5
{[%clk 0:08:43]} 52. Rh8 {[%clk 0:05:00]} c4+ {[%clk 0:08:36]} 53. Kd2
{[%clk 0:05:23]} Rh1 {[%clk 0:08:55]} 54. h6 {[%clk 0:05:33]} Kb4
{[%clk 0:08:47]} 55. h7 {[%clk 0:05:38]} b5 {[%clk 0:08:56]} 56. Kc2
{[%clk 0:04:39]} Rh2+ {[%clk 0:09:16]} 57. Kd1 {[%clk 0:04:29]} c3
{[%clk 0:09:07]} 58. Ke1 {[%clk 0:04:36]} c2 {[%clk 0:07:22]} 59. Rc8
{[%clk 0:04:45]} Rxh7 {[%clk 0:07:37]} 60. Kd2 {[%clk 0:03:26]} Rh2+
{[%clk 0:07:40]} 61. Kc1 {[%clk 0:03:45]} Rg2 {[%clk 0:03:22]} 62. Rc7
{[%clk 0:03:15]} Ka5 {[%clk 0:02:06]} 63. Ra7+ {[%clk 0:02:07]} Kb6
{[%clk 0:02:33]} 64. Ra8 {[%clk 0:01:56]} b4 {[%clk 0:00:40]} 65. Rc8
{[%clk 0:01:55]} Kb5 {[%clk 0:00:36]} 66. Rxc2 {[%clk 0:02:07]} Rg1+
{[%clk 0:00:50]} 67. Kb2 {[%clk 0:02:29]} Ka4 {[%clk 0:01:07]} 68. Rf2
{[%clk 0:02:14]} Rg3 {[%clk 0:01:26]} 69. Rh2 {[%clk 0:01:38]} Rg4
{[%clk 0:00:40]} 70. Rf2 {[%clk 0:01:32]} b3 {[%clk 0:00:37]} 71. Rh2
{[%clk 0:01:52]} Kb4 {[%clk 0:00:45]} 72. Rf2 {[%clk 0:02:12]} Rh4
{[%clk 0:00:44]} 1/2-1/2

[Event "MP do 16 lat - chlopcy"]
[Site "Sypniewo"]
[Date "2022.03.24"]
[Round "6.23"]
[White "Kotowicz, Kamil"]
[Black "Garwacki, Kornel"]
[Result "0-1"]
[BlackElo "1512"]
[WhiteElo "1764"]
[LiveChessVersion "1.4.8"]

1. d4 {[%clk 1:30:24]} Nf6 {[%clk 1:30:59]} 2. c4 {[%clk 1:30:48]} g6
{[%clk 1:31:22]} 3. Nc3 {[%clk 1:31:08]} Bg7 {[%clk 1:31:47]} 4. e4
{[%clk 1:31:34]} d6 {[%clk 1:32:14]} 5. f4 {[%clk 1:31:48]} O-O {[%clk 1:32:24]}
6. Nf3 {[%clk 1:32:14]} Re8 {[%clk 1:31:17]} 7. Bd3 {[%clk 1:31:54]} Nfd7
{[%clk 1:28:22]} 8. O-O {[%clk 1:30:00]} e5 {[%clk 1:24:45]} 9. fxe5
{[%clk 1:30:17]} dxe5 {[%clk 1:25:09]} 10. d5 {[%clk 1:30:28]} Nc5
{[%clk 1:24:37]} 11. Bc2 {[%clk 1:30:11]} a5 {[%clk 1:24:05]} 12. Be3
{[%clk 1:29:55]} Nba6 {[%clk 1:23:12]} 13. Qd2 {[%clk 1:28:44]} Qe7
{[%clk 1:22:19]} 14. Qf2 {[%clk 1:25:13]} b6 {[%clk 1:19:56]} 15. Rad1
{[%clk 1:24:37]} Nb7 {[%clk 1:17:32]} 16. Nb5 {[%clk 1:23:51]} Bd7
{[%clk 1:14:11]} 17. a3 {[%clk 1:09:50]} Bxb5 {[%clk 1:12:13]} 18. cxb5
{[%clk 1:10:15]} Nac5 {[%clk 1:11:55]} 19. Nd2 {[%clk 1:07:45]} a4
{[%clk 1:09:12]} 20. Nb1 {[%clk 0:59:38]} f6 {[%clk 1:06:43]} 21. Nc3
{[%clk 0:58:52]} Red8 {[%clk 1:05:02]} 22. Na2 {[%clk 0:49:50]} Qd7
{[%clk 1:01:11]} 23. Qe2 {[%clk 0:49:07]} Ra5 {[%clk 0:58:17]} 24. Bd2
{[%clk 0:44:08]} Raa8 {[%clk 0:39:28]} 25. Nb4 {[%clk 0:42:21]} Rf8
{[%clk 0:39:07]} 26. Nc6 {[%clk 0:41:14]} Kh8 {[%clk 0:37:54]} 27. Bc3
{[%clk 0:40:58]} Rae8 {[%clk 0:36:21]} 28. Bb4 {[%clk 0:33:30]} Rf7
{[%clk 0:36:23]} 29. Rf3 {[%clk 0:31:36]} Bf8 {[%clk 0:28:06]} 30. Rdf1
{[%clk 0:29:01]} Bg7 {[%clk 0:25:26]} 31. Qf2 {[%clk 0:27:45]} Kg8
{[%clk 0:24:24]} 32. h4 {[%clk 0:26:22]} Qg4 {[%clk 0:22:57]} 33. Qg3
{[%clk 0:25:21]} Qxg3 {[%clk 0:21:33]} 34. Rxg3 {[%clk 0:25:47]} Bh6
{[%clk 0:21:02]} 35. Rgf3 {[%clk 0:25:06]} Kg7 {[%clk 0:19:59]} 36. g3
{[%clk 0:20:00]} g5 {[%clk 0:17:00]} 37. h5 {[%clk 0:19:46]} g4 {[%clk 0:16:07]}
38. Rc3 {[%clk 0:17:53]} Bd2 {[%clk 0:15:14]} 39. Rxc5 {[%clk 0:10:51]} Be3+
{[%clk 0:15:10]} 40. Kg2 {[%clk 0:41:16]} Bxc5 {[%clk 0:43:18]} 41. Bxa4
{[%clk 0:40:13]} Bxb4 {[%clk 0:43:22]} 42. Nxb4 {[%clk 0:40:41]} Nd6
{[%clk 0:42:31]} 43. Bc2 {[%clk 0:40:52]} Nc4 {[%clk 0:41:57]} 44. Rf2
{[%clk 0:39:15]} Kh6 {[%clk 0:35:57]} 45. Bd3 {[%clk 0:39:29]} Nd6
{[%clk 0:35:39]} 46. Nc2 {[%clk 0:38:12]} Kxh5 {[%clk 0:34:34]} 47. Ne3
{[%clk 0:38:00]} Kg5 {[%clk 0:33:03]} 48. Nf5 {[%clk 0:38:13]} h5
{[%clk 0:32:51]} 49. Kf1 {[%clk 0:36:36]} Ra8 {[%clk 0:32:08]} 50. Nxd6
{[%clk 0:36:27]} cxd6 {[%clk 0:32:09]} 51. Rc2 {[%clk 0:36:44]} Ra4
{[%clk 0:24:01]} 52. Rc8 {[%clk 0:36:47]} Rd4 {[%clk 0:23:35]} 53. Ke2
{[%clk 0:36:54]} f5 {[%clk 0:23:10]} 54. exf5 {[%clk 0:36:13]} e4
{[%clk 0:22:44]} 55. Bc2 {[%clk 0:36:22]} Rxf5 {[%clk 0:20:49]} 56. Ke3
{[%clk 0:35:26]} Rdxd5 {[%clk 0:19:09]} 57. Rg8+ {[%clk 0:35:36]} Kf6
{[%clk 0:19:06]} 58. Bxe4 {[%clk 0:35:02]} Rfe5 {[%clk 0:18:26]} 59. a4
{[%clk 0:34:16]} Rd1 {[%clk 0:18:19]} 60. Rf8+ {[%clk 0:32:34]} Ke7
{[%clk 0:18:15]} 61. Rf4 {[%clk 0:32:16]} d5 {[%clk 0:18:19]} 62. Ke2
{[%clk 0:32:26]} Rd4 {[%clk 0:18:28]} 0-1

[Event "MP do 16 lat - chlopcy"]
[Site "Sypniewo"]
[Date "2022.03.24"]
[Round "6.24"]
[White "Biesiadecki, Adam"]
[Black "Goral, Jan"]
[Result "0-1"]
[BlackElo "1618"]
[WhiteElo "1916"]
[LiveChessVersion "1.4.8"]

1. d4 {[%clk 1:30:57]} Nf6 {[%clk 1:30:47]} 2. Nf3 {[%clk 1:31:09]} d6
{[%clk 1:31:00]} 3. c4 {[%clk 1:31:27]} Nbd7 {[%clk 1:31:13]} 4. Nc3
{[%clk 1:31:38]} e5 {[%clk 1:31:14]} 5. e4 {[%clk 1:29:57]} Be7 {[%clk 1:31:27]}
6. Be2 {[%clk 1:29:43]} O-O {[%clk 1:31:42]} 7. h3 {[%clk 1:28:46]} c6
{[%clk 1:31:35]} 8. Be3 {[%clk 1:27:56]} Qc7 {[%clk 1:30:45]} 9. O-O
{[%clk 1:27:47]} Re8 {[%clk 1:28:50]} 10. Qc2 {[%clk 1:26:33]} h6
{[%clk 1:21:25]} 11. a3 {[%clk 1:23:22]} a6 {[%clk 0:58:42]} 12. Rac1
{[%clk 1:22:25]} Nf8 {[%clk 0:57:54]} 13. Rfd1 {[%clk 1:21:56]} Ng6
{[%clk 0:58:16]} 14. b4 {[%clk 1:21:45]} Bd7 {[%clk 0:57:05]} 15. c5
{[%clk 1:20:19]} exd4 {[%clk 0:55:48]} 16. cxd6 {[%clk 1:18:38]} Bxd6
{[%clk 0:55:51]} 17. Rxd4 {[%clk 1:14:20]} Be6 {[%clk 0:52:45]} 18. Na4
{[%clk 1:07:36]} Bf4 {[%clk 0:48:44]} 19. Bxf4 {[%clk 1:06:39]} Nxf4
{[%clk 0:48:25]} 20. Bf1 {[%clk 1:05:13]} Nd7 {[%clk 0:46:14]} 21. Nc5
{[%clk 1:04:17]} Nxc5 {[%clk 0:45:38]} 22. Qxc5 {[%clk 1:04:22]} Rad8
{[%clk 0:34:12]} 23. a4 {[%clk 1:00:54]} Bb3 {[%clk 0:33:06]} 24. b5
{[%clk 0:56:57]} axb5 {[%clk 0:30:10]} 25. axb5 {[%clk 0:57:05]} Ne6
{[%clk 0:28:39]} 26. Rxd8 {[%clk 0:57:22]} Rxd8 {[%clk 0:27:57]} 27. Qc3
{[%clk 0:56:30]} Bd1 {[%clk 0:23:34]} 28. Ne5 {[%clk 0:53:41]} Nd4
{[%clk 0:15:23]} 29. Nxf7 {[%clk 0:48:24]} Nxb5 {[%clk 0:08:50]} 30. Bxb5
{[%clk 0:48:36]} Kxf7 {[%clk 0:09:00]} 31. Bc4+ {[%clk 0:46:47]} Kf8
{[%clk 0:08:52]} 32. e5 {[%clk 0:43:53]} Bh5 {[%clk 0:07:40]} 33. e6
{[%clk 0:42:28]} Qe7 {[%clk 0:07:21]} 34. Qa5 {[%clk 0:40:08]} Qg5
{[%clk 0:06:23]} 35. e7+ {[%clk 0:39:21]} Kxe7 {[%clk 0:05:18]} 36. Re1+
{[%clk 0:39:13]} Kf8 {[%clk 0:05:12]} 37. Qb4+ {[%clk 0:38:27]} c5
{[%clk 0:05:31]} 38. Qxb7 {[%clk 0:38:19]} Re8 {[%clk 0:04:11]} 39. Be6
{[%clk 0:30:51]} Qd2 {[%clk 0:01:39]} 40. Re3 {[%clk 0:57:59]} Qd1+
{[%clk 0:31:28]} 41. Kh2 {[%clk 0:56:24]} Qd6+ {[%clk 0:30:40]} 42. Rg3
{[%clk 0:56:48]} Rxe6 {[%clk 0:26:35]} 43. Qxg7+ {[%clk 0:56:21]} Ke8
{[%clk 0:26:56]} 44. Qg8+ {[%clk 0:55:25]} Ke7 {[%clk 0:26:46]} 45. Qc8
{[%clk 0:55:01]} Bf7 {[%clk 0:16:23]} 46. f4 {[%clk 0:52:16]} h5 {[%clk 0:11:21]}
47. Qb7+ {[%clk 0:50:35]} Kf6 {[%clk 0:10:00]} 48. Qf3 {[%clk 0:48:36]} Qd4
{[%clk 0:06:34]} 49. Qa8 {[%clk 0:44:48]} Re1 {[%clk 0:03:41]} 50. Qa6+
{[%clk 0:40:59]} Be6 {[%clk 0:03:35]} 51. Rf3 {[%clk 0:40:37]} h4
{[%clk 0:01:23]} 52. Rf1 {[%clk 0:40:56]} Rxf1 {[%clk 0:00:56]} 53. Qxf1
{[%clk 0:41:24]} c4 {[%clk 0:00:56]} 54. Qc1 {[%clk 0:41:06]} c3 {[%clk 0:01:01]}
55. f5 {[%clk 0:41:22]} Kxf5 {[%clk 0:01:02]} 56. Qc2+ {[%clk 0:40:53]} Kg5
{[%clk 0:01:01]} 57. Qh7 {[%clk 0:41:00]} Qe5+ {[%clk 0:00:54]} 58. Kg1
{[%clk 0:41:21]} Bf5 {[%clk 0:00:42]} 59. Qg8+ {[%clk 0:41:39]} Kf4
{[%clk 0:00:39]} 60. Qc4+ {[%clk 0:41:53]} Ke3 {[%clk 0:00:36]} 61. Qf1
{[%clk 0:40:58]} Kd4 {[%clk 0:00:37]} 62. Qa1 Qe3+ {[%clk 0:00:46]} 63. Kh2
{[%clk 0:41:14]} Kd3 {[%clk 0:00:43]} 64. Qd1+ {[%clk 0:40:56]} Ke4
{[%clk 0:00:46]} 65. Qb1+ {[%clk 0:40:50]} Kf4 {[%clk 0:01:00]} 66. Qb4+
{[%clk 0:40:31]} Kg5 {[%clk 0:00:57]} 67. Qb3 {[%clk 0:39:42]} Qf4+
{[%clk 0:00:54]} 68. Kh1 {[%clk 0:40:02]} c2 {[%clk 0:00:51]} 69. Qg8+
{[%clk 0:40:16]} Bg6 {[%clk 0:01:12]} 70. Qd5+ {[%clk 0:40:25]} Kh6
{[%clk 0:01:32]} 0-1

[Event "MP do 16 lat - chlopcy"]
[Site "Sypniewo"]
[Date "2022.03.24"]
[Round "6.25"]
[White "Bajer, Tomasz"]
[Black "Grzadka, Artur"]
[Result "0-1"]
[BlackElo "1710"]
[WhiteElo "1460"]
[LiveChessVersion "1.4.8"]

1. Nf3 {[%clk 1:30:58]} Nf6 {[%clk 1:30:56]} 2. g3 {[%clk 1:31:05]} d5
{[%clk 1:31:18]} 3. Bg2 {[%clk 1:31:25]} Bf5 {[%clk 1:31:41]} 4. O-O
{[%clk 1:31:45]} e6 {[%clk 1:31:57]} 5. d3 {[%clk 1:31:16]} h6 {[%clk 1:32:16]}
6. Nbd2 {[%clk 1:30:53]} Be7 {[%clk 1:32:14]} 7. c4 {[%clk 1:30:27]} c6
{[%clk 1:32:08]} 8. a3 {[%clk 1:29:35]} a5 {[%clk 1:31:24]} 9. Rb1
{[%clk 1:17:51]} O-O {[%clk 1:24:33]} 10. b4 {[%clk 1:14:59]} axb4
{[%clk 1:24:11]} 11. axb4 {[%clk 1:15:22]} Nbd7 {[%clk 1:23:07]} 12. Bb2
{[%clk 1:10:06]} Nb6 {[%clk 1:16:28]} 13. Qc2 {[%clk 1:06:57]} Bh7
{[%clk 1:11:37]} 14. Bd4 {[%clk 1:05:16]} Nfd7 {[%clk 0:54:41]} 15. c5
{[%clk 0:43:46]} Nc8 {[%clk 0:54:05]} 16. b5 {[%clk 0:40:50]} Na7
{[%clk 0:53:02]} 17. bxc6 {[%clk 0:39:23]} bxc6 {[%clk 0:52:51]} 18. Nb3
{[%clk 0:36:03]} Nb5 {[%clk 0:51:48]} 19. Bb2 {[%clk 0:31:52]} Qc7
{[%clk 0:48:36]} 20. Ra1 {[%clk 0:29:03]} e5 {[%clk 0:44:49]} 21. Nfd2
{[%clk 0:23:53]} Kh8 {[%clk 0:27:11]} 22. e4 {[%clk 0:19:38]} d4 {[%clk 0:25:35]}
23. f4 {[%clk 0:19:39]} Rxa1 {[%clk 0:23:51]} 24. Bxa1 {[%clk 0:18:49]} f6
{[%clk 0:22:50]} 25. Bh3 {[%clk 0:16:43]} Bg8 {[%clk 0:19:57]} 26. Bxd7
{[%clk 0:15:56]} Qxd7 {[%clk 0:20:26]} 27. fxe5 {[%clk 0:15:15]} fxe5
{[%clk 0:20:26]} 28. Rxf8 {[%clk 0:14:43]} Bxf8 {[%clk 0:20:51]} 29. Bb2
{[%clk 0:13:49]} Be7 {[%clk 0:17:24]} 30. Nc4 {[%clk 0:13:32]} Qe6
{[%clk 0:11:38]} 31. Kg2 {[%clk 0:12:42]} Qf6 {[%clk 0:10:19]} 32. Na3
{[%clk 0:08:57]} Nc7 {[%clk 0:08:14]} 33. Na5 {[%clk 0:08:04]} Ne6
{[%clk 0:05:52]} 34. Nxc6 {[%clk 0:06:25]} Ng5 {[%clk 0:06:16]} 35. Nxd4
{[%clk 0:06:06]} exd4 {[%clk 0:06:18]} 36. Qf2 {[%clk 0:04:35]} Qxf2+
{[%clk 0:05:52]} 37. Kxf2 {[%clk 0:05:01]} Bxc5 {[%clk 0:06:16]} 38. Nb5
{[%clk 0:04:38]} Ne6 {[%clk 0:05:09]} 39. Kf3 {[%clk 0:04:32]} Bf7
{[%clk 0:04:19]} 40. Kg4 {[%clk 0:34:01]} g6 {[%clk 0:33:54]} 41. Kf3
{[%clk 0:32:40]} Be8 {[%clk 0:33:38]} 42. Na3 {[%clk 0:33:01]} Ng5+
{[%clk 0:27:42]} 43. Kf2 {[%clk 0:23:01]} Ba4 {[%clk 0:26:15]} 44. Ke2
{[%clk 0:21:42]} Nf7 {[%clk 0:24:51]} 45. Nc4 {[%clk 0:20:54]} Bb5
{[%clk 0:23:56]} 46. Na3 {[%clk 0:19:54]} Bxa3 {[%clk 0:23:56]} 47. Bxa3
{[%clk 0:20:12]} Ne5 {[%clk 0:23:01]} 48. Bb2 {[%clk 0:20:20]} Bxd3+
{[%clk 0:22:16]} 49. Kd2 {[%clk 0:20:38]} Nc4+ {[%clk 0:22:31]} 50. Kxd3
{[%clk 0:20:53]} Nxb2+ {[%clk 0:23:00]} 51. Kxd4 {[%clk 0:21:05]} Kg7
{[%clk 0:23:25]} 52. Kd5 {[%clk 0:18:08]} Kf7 {[%clk 0:23:30]} 53. Kd6
{[%clk 0:17:11]} Nc4+ {[%clk 0:23:54]} 54. Kd5 {[%clk 0:17:27]} Ne3+
{[%clk 0:23:44]} 55. Kd6 {[%clk 0:17:43]} Nf1 {[%clk 0:22:55]} 56. e5
{[%clk 0:18:03]} Nxh2 {[%clk 0:22:44]} 57. Kd7 {[%clk 0:18:26]} Ng4
{[%clk 0:21:38]} 58. e6+ {[%clk 0:18:53]} Kg7 {[%clk 0:21:18]} 59. e7
{[%clk 0:14:17]} Nf6+ {[%clk 0:21:41]} 60. Ke6 {[%clk 0:14:07]} Ne8
{[%clk 0:21:30]} 61. g4 {[%clk 0:13:23]} g5 {[%clk 0:21:41]} 62. Ke5
{[%clk 0:12:11]} Kf7 {[%clk 0:22:00]} 63. Kf5 {[%clk 0:12:40]} Ng7+
{[%clk 0:22:28]} 0-1

[Event "MP do 16 lat - chlopcy"]
[Site "Sypniewo"]
[Date "2022.03.24"]
[Round "6.26"]
[White "Bochenek, Ryszard"]
[Black "Bancarewicz, Aleks"]
[Result "0-1"]
[BlackElo "1870"]
[WhiteElo "1530"]
[LiveChessVersion "1.4.8"]

1. e4 {[%clk 1:30:49]} c5 {[%clk 1:30:55]} 2. b3 {[%clk 1:31:10]} d6
{[%clk 1:26:15]} 3. Bb2 {[%clk 1:30:58]} Nf6 {[%clk 1:23:32]} 4. Nc3
{[%clk 1:31:02]} e6 {[%clk 1:19:11]} 5. f4 {[%clk 1:31:03]} a6 {[%clk 1:17:02]}
6. Nf3 {[%clk 1:28:10]} b5 {[%clk 1:14:47]} 7. e5 {[%clk 1:19:17]} dxe5
{[%clk 1:00:57]} 8. fxe5 {[%clk 1:19:20]} Nd5 {[%clk 0:57:29]} 9. Nxd5
{[%clk 1:14:47]} Qxd5 {[%clk 0:56:22]} 10. Be2 {[%clk 1:11:50]} Bb7
{[%clk 0:54:40]} 11. O-O {[%clk 1:11:23]} Be7 {[%clk 0:52:02]} 12. c4
{[%clk 1:03:38]} bxc4 {[%clk 0:39:57]} 13. Bxc4 {[%clk 1:03:43]} Qc6
{[%clk 0:40:10]} 14. Rc1 {[%clk 1:02:07]} O-O {[%clk 0:37:17]} 15. Qe2
{[%clk 0:56:29]} Nd7 {[%clk 0:33:13]} 16. Qf2 {[%clk 0:53:36]} Nb6
{[%clk 0:30:19]} 17. d4 {[%clk 0:50:04]} Rac8 {[%clk 0:26:39]} 18. Bd3
{[%clk 0:48:19]} Qd5 {[%clk 0:23:22]} 19. Ba3 {[%clk 0:45:27]} Nd7
{[%clk 0:16:13]} 20. Rfe1 {[%clk 0:37:41]} Qc6 {[%clk 0:15:47]} 21. Be4
{[%clk 0:36:05]} Qc7 {[%clk 0:16:16]} 22. dxc5 {[%clk 0:33:08]} Bxe4
{[%clk 0:09:21]} 23. Rxe4 {[%clk 0:33:02]} Nb8 {[%clk 0:09:24]} 24. b4
{[%clk 0:30:49]} Rcd8 {[%clk 0:09:29]} 25. Bb2 {[%clk 0:28:35]} Rd5
{[%clk 0:09:50]} 26. Rce1 {[%clk 0:25:19]} Rfd8 {[%clk 0:08:53]} 27. Rg4
{[%clk 0:20:44]} Nc6 {[%clk 0:08:31]} 28. Qe3 {[%clk 0:17:46]} Nxb4
{[%clk 0:04:41]} 29. Rxb4 {[%clk 0:06:58]} Bxc5 {[%clk 0:05:10]} 30. Rd4
{[%clk 0:06:44]} Qb6 {[%clk 0:05:22]} 31. Bc3 {[%clk 0:05:33]} Rxd4
{[%clk 0:04:45]} 32. Nxd4 {[%clk 0:03:24]} Bxd4 {[%clk 0:04:56]} 33. Bxd4
{[%clk 0:03:48]} Qxd4 {[%clk 0:05:22]} 34. Re2 {[%clk 0:01:53]} Rd5
{[%clk 0:03:08]} 35. Qxd4 {[%clk 0:01:43]} Rxd4 {[%clk 0:03:37]} 36. Kf2
{[%clk 0:01:57]} g5 {[%clk 0:03:26]} 37. Kf3 {[%clk 0:01:40]} h5 {[%clk 0:03:03]}
38. Re4 {[%clk 0:01:20]} Rd3+ {[%clk 0:01:08]} 39. Re3 {[%clk 0:01:27]} Rxe3+
{[%clk 0:00:48]} 40. Kxe3 {[%clk 0:31:53]} f5 {[%clk 0:31:12]} 41. g3
{[%clk 0:27:59]} Kf7 {[%clk 0:27:12]} 42. h4 {[%clk 0:27:00]} Kg6
{[%clk 0:27:08]} 43. Kf3 {[%clk 0:14:59]} f4 {[%clk 0:26:44]} 0-1

[Event "MP do 16 lat - chlopcy"]
[Site "Sypniewo"]
[Date "2022.03.25"]
[Round "7.1"]
[White "Ciszewski, Krzysztof"]
[Black "Malek, Jan"]
[Result "0-1"]
[BlackElo "2230"]
[WhiteElo "1939"]
[LiveChessVersion "1.4.8"]

1. d4 {[%clk 1:30:57]} Nf6 {[%clk 1:30:55]} 2. c4 {[%clk 1:31:19]} e6
{[%clk 1:31:20]} 3. Nc3 {[%clk 1:31:25]} Bb4 {[%clk 1:31:44]} 4. e3
{[%clk 1:31:40]} O-O {[%clk 1:32:07]} 5. Bd3 {[%clk 1:32:01]} d5 {[%clk 1:32:31]}
6. Nf3 {[%clk 1:32:15]} dxc4 {[%clk 1:32:55]} 7. Bxc4 {[%clk 1:32:11]} c5
{[%clk 1:33:19]} 8. O-O {[%clk 1:28:21]} cxd4 {[%clk 1:33:44]} 9. exd4
{[%clk 1:28:35]} b6 {[%clk 1:34:09]} 10. Bg5 {[%clk 1:23:49]} h6 {[%clk 1:34:31]}
11. Bh4 {[%clk 1:21:28]} Bb7 {[%clk 1:34:55]} 12. Qe2 {[%clk 1:20:01]} Nbd7
{[%clk 1:35:18]} 13. Rac1 {[%clk 1:15:50]} Rc8 {[%clk 1:33:14]} 14. Ba6
{[%clk 1:11:07]} Bxa6 {[%clk 1:31:19]} 15. Qxa6 {[%clk 1:11:32]} Bxc3
{[%clk 1:29:00]} 16. bxc3 {[%clk 1:08:12]} Qc7 {[%clk 1:26:48]} 17. c4
{[%clk 1:05:09]} Ne4 {[%clk 1:18:46]} 18. Bg3 {[%clk 0:44:23]} Nxg3
{[%clk 1:18:07]} 19. hxg3 {[%clk 0:44:50]} Rfd8 {[%clk 1:17:00]} 20. Qb5
{[%clk 0:36:12]} Nf6 {[%clk 1:12:43]} 21. Rc2 {[%clk 0:31:34]} Qc6
{[%clk 0:56:49]} 22. Qb3 {[%clk 0:28:22]} Qe4 {[%clk 0:56:30]} 23. Rfc1
{[%clk 0:26:01]} g5 {[%clk 0:54:09]} 24. Qe3 {[%clk 0:21:30]} Qxe3
{[%clk 0:50:50]} 25. fxe3 {[%clk 0:21:58]} Rc7 {[%clk 0:50:33]} 26. Kf1
{[%clk 0:18:55]} g4 {[%clk 0:47:29]} 27. Ne5 {[%clk 0:18:45]} h5 {[%clk 0:47:44]}
28. c5 {[%clk 0:15:57]} Rdc8 {[%clk 0:41:52]} 29. Ke2 {[%clk 0:14:37]} Ne4
{[%clk 0:40:09]} 30. Kd3 {[%clk 0:14:28]} Nxg3 {[%clk 0:38:33]} 31. c6
{[%clk 0:06:48]} f6 {[%clk 0:36:09]} 32. Nd7 {[%clk 0:05:38]} Kf7
{[%clk 0:33:42]} 33. e4 {[%clk 0:05:56]} f5 {[%clk 0:33:01]} 34. exf5
{[%clk 0:03:36]} Nxf5 {[%clk 0:32:23]} 35. Rf1 {[%clk 0:02:40]} Ke7
{[%clk 0:32:25]} 36. d5 {[%clk 0:02:16]} Rxd7 {[%clk 0:32:34]} 37. cxd7
{[%clk 0:01:29]} Rxc2 {[%clk 0:32:58]} 38. dxe6 {[%clk 0:01:17]} Rc5
{[%clk 0:33:20]} 39. Re1 {[%clk 0:01:45]} Ng7 {[%clk 0:32:15]} 40. Kd4
{[%clk 0:31:52]} Rc6 {[%clk 1:02:38]} 41. Kd5 {[%clk 0:31:55]} Rd6+
{[%clk 1:03:00]} 42. Kc4 {[%clk 0:32:21]} Nxe6 {[%clk 1:03:23]} 43. Rh1
{[%clk 0:32:43]} Rd4+ {[%clk 1:03:41]} 44. Kc3 {[%clk 0:33:09]} Rd5
{[%clk 1:04:05]} 45. Kc4 {[%clk 0:33:29]} Rc5+ {[%clk 1:04:30]} 46. Kd4 0-1